MARC

LEADER 00000nam0a2200000 4500
001 157184
005 20231031153535.0
010 |a 5120016588 
020 |a RU  |b 91-53035 
035 |a (RuTPU)RU\TPU\book\170481 
090 |a 157184 
100 |a 20090404d1991 km y0rusy5003 ca 
101 0 |a rus 
102 |a UA 
105 |a a z 001zy 
200 1 |a Поверхностные явления при сварке металлов  |f И. Р. Пацкевич, В. Р. Рябов, Г. Ф. Деев 
210 |a Киев  |c Наук. думка  |d 1991 
215 |a 240 с.  |c ил. 
320 |a Библиогр.: с. 224-239 (365 назв.). 
610 1 |a металлы 
610 1 |a сварка 
610 1 |a поверхностные свойства 
610 1 |a физико-химические процессы 
610 1 |a смачиваемость 
610 1 |a наплавка 
610 1 |a композиционные материалы 
610 1 |a разнородные металлы 
675 |a 621.791.01  |z rus 
700 1 |a Пацкевич  |b И. Р.  |g Иван Романович  |4 070 
701 1 |a Рябов  |b В. Р.  |g Владимир Рафаилович 
701 1 |a Деев  |b Г. Ф.  |g Герман Федорович 
712 0 2 |a Академия наук Украинской ССР (АН УССР)  |b Институт электросварки им. Е. О. Патона (ИЭС)  |c (Киев)  |2 stltpush  |3 (RuTPU)RU\TPU\col\13726 
801 0 |a RU  |b RuMRKP  |c 19950417  |g psbo 
801 1 |a RU  |b 63413507  |c 20090404  |g PSBO 
801 2 |a RU  |b 63413507  |c 20130614  |g PSBO 
942 |c BK